| 000 | 00780nas a2200241 4500 | ||
|---|---|---|---|
| 001 | BR0804510 | ||
| 003 | BR-BrBNA | ||
| 005 | 20231205111830.0 | ||
| 007 | ta | ||
| 008 | 230509b bl.|||p| |||| 00| 00por d | ||
| 040 |
_aBR-BrBNA _bpor _cBiblioteca Nacional de Agricultura |
||
| 041 | _a(Pt) | ||
| 072 | _aL40 | ||
| 100 | 1 | _aFernandes, W.R. | |
| 100 | 1 | _aSanches, A. | |
| 245 | 1 | _aAvaliação citológica comparativa dos lavados traqueais de cavalos clinicamente sadios e daqueles portadores de obstrução aérea recurrente (O.A.R.) | |
| 650 | _aEQUINO | ||
| 650 | _aCITOLOGIA | ||
| 650 | _aTRAQUÉIA | ||
| 773 | 0 |
_tARS Veterinária (Brazil) _xISSN 0102-6380 _g(2004), v. 20(3) p. 283-290 _wBR0804510 |
|
| 909 |
_a202311 _bLúcia _c55 _dLúcia Elande |
||
| 942 |
_2AGRIS _n0 _cANA |
||
| 999 |
_c194704 _d194704 |
||